00955nam a22002417a 4500999001700000003000900017008004100026040007100067082002400138100001600162245002700178260004100205300002600246440003200272505018600304650001700490650002300507650002300530700002600553942001600579945002000595952009800615 c16248d16248AR-CdUCM190502b ||||| |||| 00| 0 spa d aMUNICIPALIDAD PROVINCIAL DEL CUSCOcBIBLIOTECA MUNICIPAL DEL CUSCO a131.34 /bJ8927ed. aJung, C. G. aTipos psicológicos / aBuenos Aires :bSudamericana,c1960. a483 paginas ;c17 cm. aColección piragua 913120 aContenido: El problema de los tipos en la historia antigua y medieval del espíritu -- Sobre la ideas de Schiller en el problema de los tipos -- Lo apolíneo y lo dionicíaco ... aTeoria95077 aPsicología91538 aConocimiento95704 aSerna, Ramón935584 2ddccLIBROS arahd02/05/2019 002ddc4070aSHbSHcCARTd2019-05-02g20.00o131.34 / J89pSH0000011301r2019-05-02yLIBROS